000 00345pab a2200145 454500
008 180718b1999 xxu||||| |||| 00| 0 eng d
100 _aSahay, S.
245 _aIssue of constitution review: a golden opportunity lost
260 _c1999
300 _ap.8
362 _a16 Nov
650 _aConstitutions
773 _aTribune
909 _a44325
999 _c44325
_d44325